Method Players - Rocket League - Statistics

General Stats
  • This quiz has been taken 4 times
  • The average score is 3 of 6
Answer Stats
Players % Correct
Borito B
75%
Rix Ronday
75%
Kassio
50%
Tadpole
50%
Oscillon
0%
Shakahron
0%
No matching quizzes found
Score Distribution
Percent of People with Each Score
Percentile by Number Answered
Your Score History
You have not taken this quiz